000 00710nam a2200193Ia 4500
008 151121s9999||||xx |||||||||||||| ||und||
082 _a812/ कुलश्रे
082 _bHNW-72151
100 _aकुलश्रेष्ठ चंद्रभूषण
245 _aप्रॉम्प्टिंग
260 _b"साके त प्रकाशन, औरंगाबाद।"
260 _c--
300 _a48
600 _aकुलश्रेष्ठ चंद्रभूषण
630 _aप्रॉम्प्टिंग
700 _aकुलश्रेष्ठ चंद्रभूषण
730 _aप्रॉम्प्टिंग
942 _cBOOK
999 _c1253614
_d1253611